000 007460000a22002170004500
090 _aAR
_b03014
245 1 0 _aSelecting representative reserve systems in remote areas: a case study in the Nullarbor region, Australia
650 1 4 _aAreas protegidas
_978
650 1 4 _aSelección de áreas protegidas
_992864
650 1 4 _aPatrones de distribución
_993901
650 1 4 _aDensidad de especies
_996444
650 1 4 _aAislamiento
_996606
651 4 _lRegión de Nullarbor
_pAustralia
_992749
041 0 _aInglés
700 1 _aBelbin, Lee
_996603
700 1 _aMargules, Chris R.
_912615
700 1 _aKeighery, G. J.
_996607
100 1 _aMckenzie, N. L.
_996608
942 _cARTICULO
773 1 _tBiological Conservation
_3147
_q239-261
_d1989
_g50
999 _c12071
_d12071